Květy Wiricuty : cesta k šamanské síle s huičolskými Indiány Mexika /

Hlavní autor: Pinkson, Tom Soloway, 1945-
Další autoři: Horáček, Ivan, 1952-
Jazyk: Čeština
Vydáno: Praha : Volvox Globator, 1998
Vydání: Vyd. 1.
Edice: Verbena
Témata:
Externí odkaz: Digitalizovaný dokument
Fyzický popis: 291 s. : il. ; 21 cm
Knihy
Uloženo v:
LEADER 01955nam a2200541 a 4500
001 000389713
003 CZ BrMZK
005 20210408164016.0
007 ta
008 010907s1998 xr e 0acze d
015 |a cnb000607786 
020 |a 80-7207-199-8 
035 |a (OCoLC)41531464 
040 |a BOA001  |b cze 
043 |a n-mx--- 
045 |a x4x- 
072 7 |a 133  |x Ezoterismus. Okultismus  |2 Konspekt  |9 17 
072 7 |a 929  |x Biografie  |2 Konspekt  |9 8 
080 |a 910.4-051  |2 MRF 
080 |a 159.961  |2 MRF 
080 |a 633.888  |2 MRF 
080 |a (=8)  |2 MRF 
080 |a 133.4:2-382  |2 MRF 
080 |a 929  |2 MRF 
080 |a (73)  |2 MRF 
080 |a (721/727)  |2 MRF 
080 |a (0:82-94)  |2 MRF 
100 1 |a Pinkson, Tom Soloway,  |d 1945-  |7 jn20000604444  |4 aut 
245 1 0 |a Květy Wiricuty :  |b cesta k šamanské síle s huičolskými Indiány Mexika /  |c Tom Sloway Pinkson ; (s doslovem Ivana Horáčka) 
250 |a Vyd. 1. 
260 |a Praha :  |b Volvox Globator,  |c 1998 
300 |a 291 s. :  |b il. ;  |c 21 cm 
490 1 |a Verbena ;  |v sv. 9 
600 1 7 |a Pinkson, Tom Soloway,  |d 1945-  |7 jn20000604444 
648 7 |a 20. století  |7 ch460558 
650 0 7 |a cestovatelé  |7 ph119109  |z Spojené státy americké  |y 20. století  |2 czenas 
650 0 7 |a rozšířené vědomí  |7 ph125282  |x prožitky  |2 czenas 
650 0 7 |a halucinogenní rostliny  |7 ph114650  |2 czenas 
650 0 7 |a Indiáni  |7 ph117020  |z Mexiko  |2 czenas 
650 0 7 |a šamanismus  |7 ph127795  |z Mexiko  |2 czenas 
655 7 |a autobiografické vzpomínky  |7 fd131854  |2 czenas 
765 0 |t <<The >>flowers of Wiricuta 
700 1 |a Horáček, Ivan,  |d 1952-  |7 jk01042018  |4 wfw 
830 0 |a Verbena  |0 s 
856 4 1 |u http://www.digitalniknihovna.cz/mzk/uuid/uuid:b1406280-4b03-11e5-8851-005056827e51  |y Digitalizovaný dokument  |x NDK 
910 |a BOA001  |b 2-1055.465 
990 |a BK 
996 6 |b 2610086439  |c 2-1055.465  |l MZK  |r Sklad / do 1 hodiny  |n 20  |p p.v.  |w 000389713  |u 000010  |a 1  |e BOA001  |j MZK50  |s P